书目信息 |
| 题名: |
供热工程(第三版)
|
|
| 作者: | 贺平 , 孙刚 编著 | |
| 分册: | ||
| 出版信息: | 北京 中国建筑工业出版社 1993.11 |
|
| 页数: | 344页 | |
| 开本: | 16开 | |
| 丛书名: | ||
| 单 册: | ||
| 中图分类: | TU995-43 | |
| 科图分类: | ||
| 主题词: | 城市供热:集中供热 | |
| 电子资源: | ||
| ISBN: | 7-112-02017-4 | |
| 000 | 00577nam0 2200193 45 | |
| 001 | 0012030908 | |
| 005 | 20090617164619.12 | |
| 010 | @a7-112-02017-4@d22.40元 | |
| 100 | @a20001203d1993 km y0chiy0120 ea | |
| 101 | 0 | @achi |
| 200 | 1 | @a供热工程(第三版)@AGong Re Gong Cheng(Di San Ban)@f贺平,孙刚编著@FHe Ping,Sun Gang Bian Zhu |
| 210 | @a北京@c中国建筑工业出版社@d1993.11 | |
| 215 | @a344页@d16开 | |
| 606 | 0 | @a城市供热:集中供热 |
| 690 | @aTU995-43@v3 | |
| 701 | 0 | @a贺平@4编著 |
| 701 | 0 | @a孙刚@4编著 |
| 801 | @aCN@bPftUser@c20090617 | |
| 905 | @b510826-834@dTU995-43@eH315@f9 | |
| 供热工程(第三版)/贺平,孙刚编著.-北京:中国建筑工业出版社,1993.11 |
| 344页;16开 |
| ISBN 7-112-02017-4:22.40元 |
| ● |
| 相关链接 |
|
|
|
正题名:供热工程(第三版)
索取号:TU995-43/H315
 
预约/预借
| 序号 | 登录号 | 条形码 | 馆藏地/架位号 | 状态 | 备注 |
| 1 | 460912 | 204609129 | 建筑库201/201建筑库 136排1列5层/ [索取号:TU995-43/H315] | 在馆 | |
| 2 | 461121 | 204611214 | 建筑库201/201建筑库 136排1列5层/ [索取号:TU995-43/H315] | 在馆 | |
| 3 | 469241 | 204692412 | 市政与环境工程学院资料室/101建筑库 98排1列5层/ [索取号:TU995-43/H315] | 在馆 | |
| 4 | 510826 | 205108266 | 建筑库201/ [索取号:TU995-43/H315] | 在馆 | |
| 5 | 510827 | 205108275 | 建筑库201/ [索取号:TU995-43/H315] | 在馆 | |
| 6 | 510828 | 205108284 | 市政与环境工程学院资料室/101建筑库 98排1列5层/ [索取号:TU995-43/H315] | 在馆 | |
| 7 | 510829 | 205108293 | 自科二线404/404自科库 2排2列6层/ [索取号:TU995-43/H315] | 在馆 | |
| 8 | 510830 | 205108300 | 自科二线404/201建筑库 138排1列2层/ [索取号:TU995-43/H315] | 在馆 | |
| 9 | 510831 | 205108319 | 市政与环境工程学院资料室/101建筑库 98排1列5层/ [索取号:TU995-43/H315] | 在馆 | |
| 10 | 510832 | 205108328 | 建筑库201/201建筑库 136排1列5层/ [索取号:TU995-43/H315] | 在馆 | |
| 11 | 510833 | 205108337 | 自科二线404/404自科库 2排2列6层/ [索取号:TU995-43/H315] | 在馆 | |
| 12 | 510834 | 205108346 | 建筑库201/ [索取号:TU995-43/H315] | 在馆 |